LEADER 00824nam0 2200253 450 001 000029351 005 20111114150403.0 010 $a0-06-013892-0 100 $a20111110d1976----km-y0itaa50------ba 101 0 $aeng 102 $aUS 200 1 $a<> widower's son$fAlan Sillitoe 210 $aNew York [etc.]$cHarper & Row$dc1976 215 $a288 p.$d22 cm. 700 1$aSillitoe,$bAlan$0165835 801 0$aIT$bUniversitą della Basilicata - B.I.A.$gRICA$2unimarc 912 $a000029351 996 $aWidower's son$992887 997 $aUNIBAS BAS $aLETTERE CAT $aSTD076$b01$c20111110$lBAS01$h1037 CAT $aTTM$b30$c20111114$lBAS01$h1504 FMT Z30 -1$lBAS01$LBAS01$mBOOK$1BASA1$APolo Storico-Umanistico$2FAA$BFondo anglo-americano$3FM/4402$64402$5L4402$820111110$f04$FPrestabile Didattica LEADER 00929ojm 2200229z- 450 001 9910155714603321 005 20230913112557.0 010 $a1-5124-4552-5 035 $a(CKB)3710000000976391 035 $a(BIP)058891848 035 $a(EXLCZ)993710000000976391 100 $a20231107c2017uuuu -u- - 101 0 $aeng 200 10$aSummer Is Fun! 210 $cLerner 215 $a1 online resource (24 p.) 330 8 $aAudisee® eBooks with Audio combine professional narration and text highlighting to engage reluctant readers!Carefully leveled text and fresh, vibrant photos engage young readers in learning about warm, sunny season of summer and its changes and adaptations. Age-appropriate critical thinking questions and a photo glossary help build nonfiction learning skills. 700 $aMoon$b Walt K.$01210352 906 $aAUDIO 912 $a9910155714603321 996 $aSummer Is Fun$93593932 997 $aUNINA